000 00674nam a2200181Ia 4500
008 090124s9999 xx 000 0 und d
082 _b29068
_a1977
100 _aनायक कृ. मा.
245 _a यंत्रावजारे आणि मापणशास्त्र भाग 1
250 _a1
260 _c1979
300 _a498
600 _aनायक कृ. मा.
630 _a यंत्रावजारे आणि मापणशास्त्र भाग 1
700 _aनायक कृ. मा.
730 _a यंत्रावजारे आणि मापणशास्त्र भाग 1
942 _cBOOK
999 _c142523
_d142523